|
|
|
|
| LEADER |
00972nam a2200241 a 4500 |
| 001 |
4712375 |
| 008 |
090827s1982 ii fa b 000 0 eng d |
| 010 |
|
|
|a 82903112
|
| 020 |
|
|
|c Rs20.00
|
| 040 |
|
|
|a DLC
|c DLC
|d DLC
|
| 082 |
0 |
0 |
|a 370.19/4
|2 19
|
| 100 |
2 |
|
|a Tellis-Nayak, Jessie B.
|
| 245 |
1 |
0 |
|a Education and income generation for women :
|b non-formal approaches /
|c Jessie B. Tellis-Nayak.
|
| 260 |
|
|
|a New Delhi :
|b Indian Social Institute,
|c 1982.
|
| 300 |
|
|
|a 79 p., [5] p. of plates :
|b ill. ;
|c 23 cm.
|
| 490 |
0 |
|
|a Indian Social Institute--Women's Development Series ;
|v 3
|
| 504 |
|
|
|a Includes bibliographical references.
|
| 541 |
1 |
|
|e 00001055
|
| 650 |
|
0 |
|a Women
|x Non-formal education
|z India.
|
| 650 |
|
0 |
|a Women
|x Employment
|z India.
|
| 852 |
4 |
|
|a Ayesha Abed Library
|j General shelf
|
| 999 |
|
|
|c 3922
|d 3922
|
| 952 |
|
|
|0 0
|1 0
|2 ddc
|4 0
|6 370_194000000000000_TEL_1982
|7 0
|9 3565
|a BRACUL
|b BRACUL
|c GEN
|d 2009-09-15
|g 141.00
|l 0
|o 370.194 TEL
|p 3010001055
|r 2009-09-15
|t 1
|w 2009-09-15
|y BK
|